| 000 | 00343cam a22001217a 4500 | ||
|---|---|---|---|
| 008 | 180718b1998 xxu||||| |||| 00| 0 eng d | ||
| 020 | _a81 7044 455 x | ||
| 100 | _aSharma, Devkanta | ||
| 245 |
_aKoutilya ke prashasanik vichar _cby Devkanta Sharma |
||
| 260 |
_aJaipur _bPrintvel _c1998 |
||
| 300 | _a309p. | ||
| 650 | _aKoutilya-political thought | ||
| 999 |
_c438820 _d438820 |
||